000 00583nam a22001697a 4500
999 _c11747
_d11747
003 OSt
005 20181220154646.0
008 181220b ||||| |||| 00| 0 eng d
040 _b0
_c0
082 _aDPer 910.5 T69 Apr-June 2015 v. 45, n.4-5
245 _aSun, Sand, Pizza :
_bProject pie ventures out of Manila to open its first branch in Boracay /
260 _aQuezon City, Philippines :
_bABS-CBN Publishing Inc.,
_ccApr-June 2015.
300 _av. 45, n. 2, p. 130.
_bcolored illustrations ;
_c28 cm.
500 _aFood
650 _aFood
_vPeriodical
_933440
942 _2ddc
_cPER